000 00702nam a2200229Ia 4500
003 GCL
008 140319s9999 xx 000 0 ara d
040 _aGCL /
_cGCL
082 0 4 _aق
_b726.1
_bم ع
100 1 _aمحمود احمد
245 1 0 _aالعمارة الاسلامية /
_cمحمود احمد
300 _a229 ص
490 _a
650 0 4 _aالدولة الاموية
650 0 4 _aالعمارة الاسلامية
650 0 4 _aالمماليك
650 0 4 _aالدولة الطولونية
650 0 4 _aالخلفاء الراشدون
650 0 4 _aالايوبيون
650 0 4 _aالعالم العربى - تاريخ - العصر العثمانى
942 _2ddc
_cBK
999 _c45337
_d45337